| 000 | 00886nam a2200253Ia 4500 | ||
|---|---|---|---|
| 003 | OSt | ||
| 005 | 20220923211406.0 | ||
| 006 | a|||||r|||| 00| 0 | ||
| 007 | ta | ||
| 008 | 220922b |||||||| |||| 00| 0 hin d | ||
| 020 |
_a9788189880842 (hbk) _c300 |
||
| 024 | _a242,765 | ||
| 037 |
_b378, 24/12/2009, Eastern Book Linkers _cTextual |
||
| 040 |
_aARTS _cARTS _bhin |
||
| 041 |
_2hin _ahin |
||
| 082 | _aY3.2, 152P9 | ||
| 100 | _aसिंह, गोपाल शरण | ||
| 245 | 0 | _aगॉंव और शहर का समाजशास्त्र | |
| 246 | _aGaॉanva aur shahar kā samājashāstra | ||
| 260 |
_aपटना _b जानकी प्रकाशन _c2009 |
||
| 300 |
_a133पृ. _ccm. |
||
| 942 |
_hY3.2, 152P9 _cTEXL _2CC |
||
| 999 |
_c299042 _d299042 |
||